LEADER 01251nam a2200313 a 4500 001 000000143354 003 CaOOAMICUS 005 20150518124506.0 008 150518s1967 it af u000 u ita r 040 $aPUL$bita 041 1 $aita$heng 082 04$a262.5 100 1 $aGill, Joseph,$cS.I.,$d1901-$0(OLS)http://pul/name/8656 240 10$aCouncil of Florence.$lItaliano.$0(OLS)http://pul/title/181396 245 13$aIl Concilio di Firenze /$cJoseph Gill. 260 $aFirenze :$bSansoni,$cİ1967. 300 $aXIX, 535 p., [3] c. di tav. :$bill. ;$c24 cm 490 1 $aBiblioteca storica Sansoni ;$v45 504 $aBibliografia in nota. 611 24$aConcilium Florentinum$d(1438-1445).$0(OLS)http://pul/subject/2154 830 0$aBiblioteca storica Sansoni ;$v45.$0(OLS)http://pul/title/2239 850 $aPUL 852 $aPUL$W1$xSL Religione 3$y85$m262. 5 GILJO 1$j165476$qDDC 21$B165741$CPULBib$Z2$F165741 $H125802 $82 941 1 $a9 960 $aConcilio di Firenze$d1438-1445$92154 996 $6082$a262.5$9(OLS)http://pul/classification/444 996 $6245$aIl Concilio di Firenze$9(OLS)http://pul/title/181397 996 $6260$aFirenze :$bSansoni$9(OLS)http://pul/publisher/47896 LEADER 01307nam a2200313 a 4500 001 000000147507 003 CaOOAMICUS 005 20151119123037.0 008 151119s2015 it u100 u ita r 020 $a978-88-10-40250-4 032 $aLibriCat 040 $aPUL$bita 082 04$a226.3 100 1 $aFerrari Pier Luigi.$0(OLS)http://pul/name/39500 245 12$aI luoghi del Regno : $bla dimensione "spaziale" nel racconto di Marco /$cPier Luigi Ferrari. 260 $aBologna :$bEDB,$cİ2015. 300 $a462 p. ;$c21 cm. 490 1 $aEpifania della parola. Nuova serie ;$v10 504 $aBibliografia p. 423-457. 630 04$aBiblia.$pN.T.$pMarcus$xStudi.$0(OLS)http://pul/subject/37443 830 0$aEpifania della parola.$pNuova serie ;$v10.$0(OLS)http://pul/title/32693 850 $aPUL 852 $aPUL$W1$xSL Religione 3$y85$m226. 3 FERPI 1$j170471$qDDC 21$B171250$CPULBib$Z2$F171250 $H126430 $81 941 1 $a9 996 $6020$a978-88-10-40250-4$9(OLS)http://pul/number/158965 996 $6082$a226.3$9(OLS)http://pul/classification/700 996 $6245$aI luoghi del Regno : $bla dimensione "spaziale" nel racconto di Marco$9(OLS)http://pul/title/186171 996 $6260$aBologna :$bEDB$9(OLS)http://pul/publisher/56073